000 00253nam a22000977a 4500
008 221031b |||||||| |||| 00| 0 eng d
020 _a9789389717143
100 _aNESBIT.E
_97604
245 _aTHE ENCHANTED CASTLE
260 _aNEW DELHI
_bPRAKASH BOOKS
_c2022
999 _c12112
_d12112